Statistics for Countries Closest To Kenya

Click here to take the quiz!

General Stats

  • This quiz has been taken 28 times
    (15 since last reset)
  • The average score is 8 of 10

Answer Stats

Distance (mi)Distance (km)Answer% Correct
0 mi0 kmEthiopia
100%
0 mi0 kmSomalia
100%
0 mi0 kmSouth Sudan
92%
1,034 mi1,664 kmSudan
92%
0 mi0 kmTanzania
92%
0 mi0 kmUganda
92%
823 mi1,325 kmRwanda
85%
834 mi1,342 kmBurundi
77%
1,058 mi1,702 kmEritrea
69%
885 mi1,424 kmComoros
38%

Score Distribution

Percentile by Number Answered

Percent of People with Each Score

Your Score History

You have not taken this quiz since the last reset